000 00624nam a2200229Ia 4500
003 OSt
005 20221002053422.0
006 a|||||r|||| 00| 0
007 ta
008 220930b |||||||| |||| 00| 0 tam d
024 _a52114
037 _cReference Collections
040 _aCRL
_cCRL
_btml
041 _2tml
_atml
082 _aV2:51xM89w, 31J2(RR)
100 _aThirukudasun Dharam
_9574919
245 0 _aKuzhanthaigalukku jawahar kathai
260 _c1952
650 _aHISTORY
942 _hV2:51xM89w, 31J2(RR)
_cref
_2CC
999 _c922134
_d922134